[Event "IIFL Wealth  4th Mumbai Junior U-13"]
[Site "Mumbai"]
[Date "2019.01.07"]
[Round "9"]
[White "Jain Aryan S"]
[Black "Jain, Kushagra"]
[Result "0-1"]
[WhiteElo "1115"]
[BlackElo "1323"]
[Annotator "NA RC"]
[PlyCount "120"]
[EventDate "2018.12.30"]
[EventType "swiss"]
[EventCountry "IND"]
[SourceTitle "playchess.com"]
[Source "ChessBase"]
[SourceQuality "1"]
[TimeControl "40/5400+30:1800+30"]

1. d4 {[%emt 0:00:00]} d6 {[%emt 0:02:38]} 2. Nf3 {[%emt 0:00:04]} g6 {[%emt 0:00:08]} 3. e3 {[%emt 0:00:07]} Bg7 {[%emt 0:00:15]} 4. c4 {[%emt 0:00:27]} Nf6 {[%emt 0:00:24]} 5. Bd3 {[%emt 0:00:18]} O-O {[%emt 0:00:23]} 6. b3 {[%emt 0:00:17]} Nc6 {[%emt 0:01:15]} 7. Nbd2 {[%emt 0:00:17]} Bg4 {[%emt 0:00:08]} 8. h3 {[%emt 0:00:11]} Bxf3 {[%emt 0:00:07]} 9. Nxf3 {[%emt 0:00:07]} e5 {[%emt 0:00:44]} 10. dxe5 {[%emt 0:01:24]} dxe5 {[%emt 0:00:18]} 11. Bb2 {[%emt 0:02:02]} e4 {[%emt 0:00:30]} 12. Bxf6 {[%emt 0:01:03]} Qxf6 {[%emt 0:00:08]} 13. Rc1 {[%emt 0:01:07]} exd3 {[%emt 0:00:06]} 14. Qxd3 {[%emt 0:03:48]} Rad8 {[%emt 0:00:19]} 15. Qe2 {[%emt 0:03:46]} Qb2 {[%emt 0:00:26]} 16. Qxb2 {[%emt 0:00:50]} Bxb2 {[%emt 0:00:09]} 17. Rb1 Bg7 {[%emt 0:01:02]} 18. O-O {[%emt 0:01:48]} Rd7 {[%emt 0:00:07]} 19. Rfe1 {[%emt 0:00:44]} Rfd8 {[%emt 0:00:15]} 20. c5 {[%emt 0:05:30]} Ne5 {[%emt 0:00:29]} 21. Nd4 {[%emt 0:01:05]} Nd3 {[%emt 0:00:12]} 22. Red1 {[%emt 0:00:23]} Bxd4 {[%emt 0:00:10]} 23. Rxd3 {[%emt 0:01:14]} Bxc5 {[%emt 0:00:06]} 24. Rxd7 {[%emt 0:02:21]} Rxd7 {[%emt 0:00:03]} 25. Kf1 {[%emt 0:00:43]} Bb4 {[%emt 0:00:29]} 26. a4 {[%emt 0:00:41]} a5 {[%emt 0:00:07]} 27. Ke2 {[%emt 0:00:22]} Rd2+ {[%emt 0:00:05]} 28. Kf3 {[%emt 0:00:30]} f5 {[%emt 0:00:12]} 29. Rc1 {[%emt 0:00:15]} c6 {[%emt 0:00:08]} 30. Rb1 {[%emt 0:00:52]} Kf7 {[%emt 0:00:07]} 31. g4 {[%emt 0:01:27]} Ke6 {[%emt 0:00:18]} 32. gxf5+ {[%emt 0:00:35]} gxf5 {[%emt 0:00:04]} 33. h4 {[%emt 0:00:38]} Ke5 {[%emt 0:00:08]} 34. h5 {[%emt 0:00:11]} h6 {[%emt 0:00:04]} 35. Kg2 {[%emt 0:00:54]} Ke4 {[%emt 0:00:07]} 36. Kg3 {[%emt 0:00:08]} Kd3 {[%emt 0:00:18]} 37. f4 {[%emt 0:00:39]} Kc2 {[%emt 0:00:29]} 38. Rg1 {[%emt 0:00:15]} Kxb3 {[%emt 0:00:06]} 39. Kf3 {[%emt 0:00:09]} Rh2 {[%emt 0:00:36]} 40. Rg7 {[%emt 0:00:00]} Rxh5 {[%emt 0:00:00]} 41. Rxb7 {[%emt 0:02:06]} Rh3+ {[%emt 0:01:43]} 42. Kf2 {[%emt 0:01:33]} Kxa4 {[%emt 0:00:11]} 43. Rb6 {[%emt 0:00:25]} c5 {[%emt 0:00:07]} 44. Rd6 {[%emt 0:00:39]} c4 {[%emt 0:00:15]} 45. Rd1 {[%emt 0:00:29]} c3 {[%emt 0:00:30]} 46. Ra1+ {[%emt 0:02:47]} Ba3 {[%emt 0:00:39]} 47. Ke2 {[%emt 0:00:22]} c2 {[%emt 0:00:10]} 48. Kd2 {[%emt 0:00:17]} Rh2+ {[%emt 0:00:08]} 49. Kc3 {[%emt 0:00:16]} c1=Q+ 50. Rxc1 {[%emt 0:00:06]} Bxc1 {[%emt 0:00:15]} 51. Kd4 {[%emt 0:00:11]} Kb3 {[%emt 0:00:10]} 52. e4 {[%emt 0:00:04]} a4 {[%emt 0:00:10]} 53. exf5 {[%emt 0:00:10]} a3 {[%emt 0:00:03]} 54. f6 {[%emt 0:00:08]} a2 {[%emt 0:00:03]} 55. f7 {[%emt 0:00:10]} a1=Q+ {[%emt 0:00:06]} 56. Kd5 {[%emt 0:00:06]} Rd2+ {[%emt 0:00:10]} 57. Ke6 {[%emt 0:00:16]} Qa6+ {[%emt 0:00:09]} 58. Ke5 {[%emt 0:00:11]} Re2+ {[%emt 0:00:08]} 59. Kd5 {[%emt 0:00:08]} Qe6+ {[%emt 0:00:50]} 60. Kc5 {[%emt 0:00:13]} Be3+ {[%emt 0:00:12] Kd4} 0-1

[Event "IIFL Wealth  4th Mumbai Junior U-13"]
[Site "Mumbai"]
[Date "2019.01.07"]
[Round "9"]
[White "Sapre Vedang"]
[Black "Dhrithi Murgod"]
[Result "1-0"]
[WhiteElo "1049"]
[BlackElo "1177"]
[Annotator "NA RC"]
[PlyCount "69"]
[EventDate "2018.12.30"]
[EventType "swiss"]
[EventCountry "IND"]
[SourceTitle "playchess.com"]
[Source "ChessBase"]
[SourceQuality "1"]
[TimeControl "40/5400+30:1800+30"]

1. e4 c6 2. d4 d5 3. exd5 cxd5 4. Bd3 Nc6 5. c3 Nf6 6. Nf3 g6 7. O-O Bg7 8. Bf4 O-O 9. Nbd2 Nh5 10. Bg3 f5 11. Be5 Nxe5 12. Nxe5 Nf4 13. Bc2 Qb6 14. Bb3 Qd6 15. Re1 Qc7 16. Qf3 Bxe5 17. Rxe5 Nh5 18. Bxd5+ Kh8 19. Rae1 Qb6 20. Nc4 Qa6 21. Rxe7 Nf6 22. Ne5 Qb5 23. Nf7+ Kg8 24. c4 Qxb2 25. Ng5+ Kh8 26. Qh3 h5 27. Nf7+ Kh7 28. Ne5+ Kh6 29. Qe3+ g5 30. h4 f4 31. hxg5+ Kxg5 32. Nf3+ Kg6 33. Nh4+ Kg5 34. Qe5+ Kh6 35. Qxf4# 1-0

[Event "IIFL Wealth  4th Mumbai Junior U-13"]
[Site "Mumbai"]
[Date "2019.01.07"]
[Round "9"]
[White "Sri Rashmika M"]
[Black "Srivatsan Karthikeyan"]
[Result "0-1"]
[WhiteElo "1039"]
[BlackElo "1288"]
[Annotator "NA RC"]
[PlyCount "82"]
[EventDate "2018.12.30"]
[EventType "swiss"]
[EventCountry "IND"]
[SourceTitle "playchess.com"]
[Source "ChessBase"]
[SourceQuality "1"]
[TimeControl "40/5400+30:1800+30"]

1. d4 {[%emt 0:04:01]} Nf6 {[%emt 0:00:00]} 2. c4 {[%emt 0:01:38]} e6 {[%emt 0:00:11]} 3. Nc3 {[%emt 0:00:07]} Bb4 {[%emt 0:00:04]} 4. Qc2 {[%emt 0:00:07]} d5 {[%emt 0:01:59]} 5. Bg5 {[%emt 0:05:12]} h6 {[%emt 0:01:11]} 6. Bf4 {[%emt 0:03:36]} dxc4 {[%emt 0:02:01]} 7. e3 {[%emt 0:03:18]} b5 {[%emt 0:03:19]} 8. a3 {[%emt 0:04:37]} Ba5 {[%emt 0:00:09]} 9. Nf3 {[%emt 0:03:13]} Nbd7 {[%emt 0:02:24]} 10. Be2 {[%emt 0:01:23]} Bb7 {[%emt 0:00:20]} 11. O-O {[%emt 0:01:52]} c6 {[%emt 0:00:11]} 12. Rfd1 {[%emt 0:12:54]} Bxc3 {[%emt 0:01:17]} 13. bxc3 {[%emt 0:02:38]} Qe7 {[%emt 0:04:56]} 14. h3 {[%emt 0:02:28]} Rg8 {[%emt 0:00:24]} 15. Ne5 {[%emt 0:07:47]} Nxe5 {[%emt 0:00:28]} 16. dxe5 {[%emt 0:04:04]} Nd5 {[%emt 0:01:05]} 17. Bh2 {[%emt 0:07:07]} Qg5 {[%emt 0:02:14]} 18. Bf3 {[%emt 0:05:02]} g6 {[%emt 0:02:01]} 19. Bxd5 {[%emt 0:06:51]} cxd5 {[%emt 0:00:14]} 20. Qe2 {[%emt 0:02:28]} d4 {[%emt 0:00:24]} 21. f4 {[%emt 0:00:54]} d3 {[%emt 0:00:38]} 22. fxg5 {[%emt 0:01:29]} dxe2 {[%emt 0:00:10]} 23. Rd2 {[%emt 0:00:49]} hxg5 {[%emt 0:00:07]} 24. Re1 {[%emt 0:01:55]} Be4 {[%emt 0:00:58]} 25. Rexe2 {[%emt 0:00:40]} Bd3 {[%emt 0:00:13]} 26. Re1 {[%emt 0:00:12]} Kd7 {[%emt 0:00:48]} 27. Rf1 {[%emt 0:02:17]} Rgf8 {[%emt 0:02:35]} 28. Rf6 {[%emt 0:01:47]} Ke7 {[%emt 0:01:27]} 29. Kf2 {[%emt 0:01:51]} a5 {[%emt 0:00:34]} 30. Kg3 {[%emt 0:03:49]} b4 {[%emt 0:00:21]} 31. axb4 {[%emt 0:02:03]} axb4 {[%emt 0:00:05]} 32. cxb4 {[%emt 0:00:21]} Bf5 {[%emt 0:00:05]} 33. Rd4 {[%emt 0:03:03]} c3 {[%emt 0:00:19]} 34. Rc4 {[%emt 0:00:05]} Rac8 {[%emt 0:00:07]} 35. Rxc8 {[%emt 0:00:47]} Rxc8 {[%emt 0:00:07]} 36. Kf2 {[%emt 0:00:20]} c2 {[%emt 0:00:06]} 37. g4 {[%emt 0:00:06]} Be4 {[%emt 0:00:15]} 38. Bg3 {[%emt 0:00:15]} c1=Q {[%emt 0:00:07]} 39. Bh2 {[%emt 0:00:10]} Rc2+ {[%emt 0:00:13]} 40. Kg3 {[%emt 0:00:00]} Qxe3+ {[%emt 0:00:00]} 41. Rf3 {[%emt 0:00:14]} Qxf3# {[%emt 0:00:19]} 0-1